• 首页
  • 本馆介绍
  • 公告通知
  • 最新文献
  • 馆藏检索
  • 电子资源
  • 读者导购
  • 参考咨询
  • 我的图书馆
  • 登录
  • 详细信息显示
  • 放入我的书架
  • 预约/预借图书
  • 作者相关作品
  • 分类相关作品
  • 丛书相关作品
  • 出版社相关作品

书目信息

  • 表格格式
  • 工作单格式
  • 卡片格式
题名:
海洋在呼吸
    
 
作者: 薛津生 编著
分册:  
出版信息: 福州   福建教育出版社  2010.07
页数: 152页
开本: 23cm
丛书名: 蓝色国土丛书
单 册:
中图分类: X55
科图分类:
主题词: 海洋污染 , 海洋污染--污染防治
电子资源:
ISBN: 978-7-5334-2945-4
000 00637nam0 2200229 450
001 1137332960
005 20110610102452.52
010    @a978-7-5334-2945-4@dCNY19.80
100    @a20110610d2010 km y0chiy0120 ea
101 0  @achi
102    @aCN@b350000
200 1  @a海洋在呼吸@Ahai yang zai hu xi@f薛津生编著@Fxue jin sheng bian zhu
210    @a福州@c福建教育出版社@d2010.07
215    @a152页@d23cm
225 2  @a蓝色国土丛书
410  0 @12001 @a蓝色国土丛书
606 0  @a海洋污染
606 0  @a海洋污染@x污染防治
690    @aX55@v5
701  0 @a薛津生@Axue jin sheng@4编著
801  0 @aCN@bNISOFT@c20110610
905    @aBZT@dX55@e6
    
    海洋在呼吸/薛津生编著.-福州:福建教育出版社,2010.07
    152页;23cm.-(蓝色国土丛书)
    
    
    ISBN 978-7-5334-2945-4:CNY19.80
    
●
相关链接 在五车中查询图书 在当当中查询图书 在豆瓣中查询图书


正题名:海洋在呼吸     索取号:X55/6         预约/预借

序号 登录号 条形码 馆藏地/架位号 状态 备注
1 791264   2000791264   样本书库/样007架B面5层1列/ [索取号:X55/6] 在馆    
2 791265   2000791265   中心书库北库/ 北库002架B面1列6层33/ [索取号:X55/6] 在馆    
3 791266   2000791266   中心书库北库/ 北库002架B面1列6层35/ [索取号:X55/6] 在馆    
4 791267   2000791267   中心书库北库/ 北库002架B面1列6层36/ [索取号:X55/6] 在馆    
5 791268   2000791268   中心书库北库/ 北库002架B面1列6层37/ [索取号:X55/6] 在馆    
6 791269   2000791269   中心书库北库/ 北库002架B面1列6层34/ [索取号:X55/6] 在馆    
山东省滨州职业学院图书馆 欢迎您!
大连网信软件有限公司© 版权所有